| 000 | 00940cam a22002651 4500 | ||
|---|---|---|---|
| 999 |
_c234474 _d234474 |
||
| 001 | 6427127 | ||
| 003 | Nust | ||
| 005 | 20170321123452.0 | ||
| 008 | 770912s1935 nyuaf bf 001 0 eng | ||
| 010 | _a 36011095 | ||
| 020 | _a978-93-5025-504-9 | ||
| 035 | _a(OCoLC)3258122 | ||
| 040 |
_aDLC _cASAB _dTxCM _dDLC |
||
| 050 | 0 | 0 |
_aQP519 _b.C3 1935 |
| 082 | _a612.015 | ||
| 100 | 1 |
_aCameron, A. T. _q(Alexander Thomas), _d1882-1947. |
|
| 245 | 1 | 2 |
_abiochemistry for students _cby VK Malhotra. |
| 250 | _a3d ed. | ||
| 260 |
_aNew York, _bMacmillan, _c1935. |
||
| 300 |
_aviii, 406 p. _billus., iv pl., diagrs. _c21 cm. |
||
| 500 | _aBibliographical footnotes. | ||
| 650 | 0 |
_aBiochemistry _vLaboratory manuals. |
|
| 700 | 1 |
_aWhite, Frank D. _q(Frank David), _ejoint author. |
|
| 906 |
_a7 _bcbc _coclcrpl _du _encip _f19 _gy-gencatlg |
||
| 942 |
_2ddc _cBK |
||